000 01259nmm a2200313 a 4500
001 ocm0001162311
003 TR-IsHL
005 20201028184805.0
008 190509s2011 tu eng
007 cr cn
020 _a9789944313964
035 _a1162311
_b(N$T)
050 0 4 _aPE1335
_b.T86 2011
090 0 4 _aPE1335
_b.T86 2011
100 1 _aTuncay, Hidayet
245 1 0 _aEnglish prepositions: phrasal prepositions & prepositional idioms with Turkish meanings and exercises= Türkçe açıklamalı, resimli & alıştırmalı İngilizce edatlar; edat içeren ifade & deyimler
_h[electronic resource] /
_cHidayet Tuncay
250 _aRevised 3rd edition
260 _aİstanbul :
_bYalın Yayıncılık,
_c2011
300 _a271 p.
500 _aKaynakça (sayfa 265-266) ve dizin var.
650 4 _aDil ve Edebiyat
650 4 _aLanguage and Literature
650 0 _aİngiliz dili
_x Çalışma ve öğretim
650 0 _aEnglish language
_x Prepositions
650 0 _aEnglish language
_x Study and teaching
650 0 _aİngiliz dili
_x Edatlar
650 7 _aFOREIGN LANGUAGE STUDY / English as a Second Language
_2bisacsh
856 4 0 _uhttp://search.ebscohost.com/login.aspx?direct=true&scope=site&db=e011xww&AN=1162311
999 _c21167
_d21167